Basic German Words - Statistics

General Stats
  • This quiz has been taken 44 times
    31 since last reset
  • The average score is 11 of 15
Answer Stats
Question Answer % Correct
Nein No
97%
Ja Yes
97%
Mutter Mother
93%
Schwester Sister
93%
Vater Father
86%
Trinken To drink
86%
Wissen To know
72%
Sehen To see
72%
Essen To eat
69%
Gehen To go
69%
Kaufen To buy
66%
Arbeiten To work
62%
In Ordnung Alright
55%
Vielleicht Maybe
55%
Wohnen To live
55%
No matching quizzes found
Score Distribution
Percent of People with Each Score
Percentile by Number Answered
Your Score History
You have not taken this quiz since the last reset